Hướng dẫn sử dụng internet cho người mới bắt đầu

Tallennettuna:
Bibliografiset tiedot
Päätekijä: Trần Văn Thắng
Aineistotyyppi: Kirja
Kieli:Undetermined
Julkaistu: H. Thống Kê 2003
Aiheet:
Tagit: Lisää tagi
Ei tageja, Lisää ensimmäinen tagi!
Thư viện lưu trữ: Trung tâm Học liệu Trường Đại học Cần Thơ
LEADER 00611nam a2200181Ia 4500
001 CTU_57022
008 210402s9999 xx 000 0 und d
020 |b 71000 
082 |a 005.7 
082 |b Th116 
100 |a Trần Văn Thắng 
245 0 |a Hướng dẫn sử dụng internet cho người mới bắt đầu 
245 0 |c Trần Văn Thắng 
260 |a H. 
260 |b Thống Kê 
260 |c 2003 
650 |a internet ( computer programs ),information networks,internet explorer ( computer programs ) 
980 |a Trung tâm Học liệu Trường Đại học Cần Thơ